ជីវិតអវកាសយានិក តូមា ប៉េស្កេ / (Record no. 1714)
[ view plain ]
| 000 -LEADER | |
|---|---|
| fixed length control field | 02414nam a22002777a 4500 |
| 001 - CONTROL NUMBER | |
| control field | 1714 |
| 003 - CONTROL NUMBER IDENTIFIER | |
| control field | FISKH |
| 005 - DATE AND TIME OF LATEST TRANSACTION | |
| control field | 20231108081307.0 |
| 008 - FIXED-LENGTH DATA ELEMENTS--GENERAL INFORMATION | |
| fixed length control field | 230919b cb ||||| |||| 00| 0 khr d |
| 020 ## - INTERNATIONAL STANDARD BOOK NUMBER | |
| International Standard Book Number | 9789924341208 |
| 040 ## - CATALOGING SOURCE | |
| Original cataloging agency | FISKH |
| Language of cataloging | eng |
| Transcribing agency | FISKH |
| Modifying agency | FISKH |
| 082 ## - DEWEY DECIMAL CLASSIFICATION NUMBER | |
| Classification number | 629.4 |
| 100 ## - MAIN ENTRY--PERSONAL NAME | |
| Personal name | Montaigne, Marion |
| 245 ## - TITLE STATEMENT | |
| Title | ជីវិតអវកាសយានិក តូមា ប៉េស្កេ / |
| Statement of responsibility, etc. | MARION MONTAIGNE - បកប្រែពីភាសាបារាំងដោយ សេង ឌីណា |
| 260 ## - PUBLICATION, DISTRIBUTION, ETC. | |
| Place of publication, distribution, etc. | Phnom Penh : |
| Name of publisher, distributor, etc. | Sipar, |
| Date of publication, distribution, etc. | 2021. |
| 300 ## - PHYSICAL DESCRIPTION | |
| Extent | 206 pages : |
| Other physical details | color illustrations ; |
| Dimensions | 28 cm |
| 505 ## - FORMATTED CONTENTS NOTE | |
| Formatted contents note | Z'<br/> |
| 520 ## - SUMMARY, ETC. | |
| Summary, etc. | ដំណើរផ្សងព្រេងសៀវភៅបែបកំប្លែងដ៏វែង និងលម្អិតដែលដើរតាមជីវិតរបស់អវកាសយានិកទៅកាន់ទីអវកាស និងកន្លែងជាច្រើនទៀត។ នៅពេលដែលយើងឃើញកាំជ្រួចមួយត្រូវបានគេបង្ហោះក្នុងទូរទស្សន៍ យើងទាំងអស់គ្នានឹងមានសំណួររាប់ពាន់ ដើម្បីសួរទៅអាវកាសយានិក។ ដោយបានឆ្លងកាត់ការបណ្ដុះបណ្ដាល និងការហ្វឹកហាត់អស់រយះពេល ៧ឆ្នាំ តូម៉ា ប៉េស្កេក៏បានចូលរួមក្នុងចំណោមបុរសស្ត្រីដែលមានការិយាល័យធ្វើការនៅស្ថានីយ៍អាវកាស។ |
| 520 ## - SUMMARY, ETC. | |
| Summary, etc. | A lengthy and detailed comic book adventure that follows the life of an astronaut into space and many other places. When we see a rocket being televised, we all have thousands of questions to ask astronauts. After seven years of training and coaching, Tomaspecé also joined with the men and women who have offices in the space station. |
| 521 8# - TARGET AUDIENCE NOTE | |
| Target audience note | 1120<br/><br/> |
| Source | Lexile estimate<br/> |
| 521 8# - TARGET AUDIENCE NOTE | |
| Target audience note | Z'<br/> |
| Source | Raz-Plus<br/> |
| 650 ## - SUBJECT ADDED ENTRY--TOPICAL TERM | |
| Topical term or geographic name entry element | អាវកាសយានិក |
| Form subdivision | លំហ |
| General subdivision | ស្ថានីយ៍ |
| Chronological subdivision | បណ្ដុះបណ្ដាល |
| 650 ## - SUBJECT ADDED ENTRY--TOPICAL TERM | |
| Topical term or geographic name entry element | Astronaut |
| Form subdivision | Space |
| General subdivision | Station |
| Chronological subdivision | Train |
| 700 ## - ADDED ENTRY--PERSONAL NAME | |
| Personal name | Dyna, Seng |
| Relator term | Translator |
| 942 ## - ADDED ENTRY ELEMENTS (KOHA) | |
| Source of classification or shelving scheme | Dewey Decimal Classification |
| Koha item type | Khmer Books |
| Suppress in OPAC | No |
| Withdrawn status | Lost status | Source of classification or shelving scheme | Damaged status | Not for loan | Collection | Home library | Current library | Shelving location | Date acquired | Total Checkouts | Full call number | Barcode | Date last seen | Copy number | Price effective from | Koha item type | Date last checked out |
|---|---|---|---|---|---|---|---|---|---|---|---|---|---|---|---|---|---|
| Dewey Decimal Classification | Khmer Language Books / សៀវភៅភាសាខ្មែរ | Footprints International School Library Network Toul Kork Campus | Footprints International School Library Network Toul Kork Campus | 09/19/2023 | MON 629.4 | 2023-0657 | 09/19/2023 | 1 | 09/19/2023 | Khmer Books | |||||||
| Dewey Decimal Classification | Khmer Language Books / សៀវភៅភាសាខ្មែរ | Footprints International School Library Network Toul Tom Poung Campus | Footprints International School Library Network Toul Tom Poung Campus | TTP Secondary Khmer Bookshelves | 09/19/2023 | 1 | MON 629.4 | 2023-0658 | 10/06/2023 | 2 | 09/19/2023 | Khmer Books | 09/19/2023 |
